000 00235nam a2200097Ia 4500
001 955352
005 20250826215803.0
008 250824s9999 xx 000 0 und d
245 0 _aNUREDDİN ZENGİ
_cALİ EMRE
260 _bKETEBE YAYINLARI
999 _c955352
_d955352